000 00639nam a22001817a 4500
005 20170911165414.0
010 _a1718EN-30
020 _a9789351500810
_c950.00
037 _bTBI
_adpl
100 _aSahu, Skylab
245 _aGender, sexuality and HIV/AIDs :
_cby Skylab Sahu
_bexploring politics of wemen's health in india /
260 _aNew Delhi
_bSAGE Publications
_c2016
270 _aB1/I-1 Mohan Cooperative Industrial Area, Mathura Road
_bNew Delhi
_e110044
300 _axxiii, 210p.
_c21cm(Hb)
500 _aIncludes bibliographical references
942 _2ddc
_cEN
_mMAN
999 _c144300
_d144300